Aktualizácia k zákonom I/2003 Zákon o správe daní a poplatkov a o zmenách v sústave územných finančných orgánov

Gespeichert in:
Bibliographische Detailangaben
Format: Buch
Sprache:Slowakisch
Veröffentlicht: Žilina PORADCA, s.r.o. 2003
Schriftenreihe:Aktualizácia I/1
Tags: Tag hinzufügen
Keine Tags, Fügen Sie das erste Tag hinzu!

MARC

LEADER 00000nam a2200000 4500
001 c143000
005 20250619120949.3
022 |a 1335-6127 
041 0 |a slo 
044 |a SK 
245 1 0 |a Aktualizácia k zákonom I/2003  |b Zákon o správe daní a poplatkov a o zmenách v sústave územných finančných orgánov 
264 1 |a Žilina  |b PORADCA, s.r.o.  |c 2003 
300 |a 104 s. 
490 1 |a Aktualizácia  |v I/1 
830 0 |a Aktualizácia  |v I/1